Archery in Movies Quiz Stats

 Plays Quiz not verified by Sporcle

Support Sporcle.
Go Orange.
Score 0/16 Timer 05:00
0 Plays Today
% Correct
The Hunger Games: Catching Fire
98.2%
Avatar
97.3%
Robin Hood: Men in Tights
96.2%
Hercules
95.9%
Brave
93.8%
The Lord of the Rings: The Fellowship of the Ring
93.4%
Mulan
93.2%
Rambo III
90.8%
% Correct
Smurfs: The Lost Village
87.8%
300: Rise of an Empire
81.5%
Elektra
39.5%
King Arthur
32.4%
Blade: Trinity
28.2%
Your Highness
23.5%
The Weather Man
18.1%
Wrath of the Titans
11.3%

You're not logged in!

Compare scores with friends on all Sporcle quizzes.
OR
Log In

From the Vault

Harry Potter Chapter Title Characters

by LTH

Let us know if you've only seen the movies and still pass this quiz.
Remove Ads.
Support Sporcle.
Get the best of Sporcle when you Go Orange. This ad-free experience offers more features, more stats, and more fun while also helping to support Sporcle. Thank you for becoming a member.

Show Comments

Extras

Created Feb 6, 2018ReportNominate
Tags:Movie Titles Quiz, Arrow, Bow

Top Quizzes Today


Score Distribution

Your Account Isn't Verified!

In order to create a playlist on Sporcle, you need to verify the email address you used during registration. Go to your Sporcle Settings to finish the process.

Report this User

Report this user for behavior that violates our Community Guidelines.

Details: